Getafe CF Squad 2020-2021 - Statistics

General Stats
  • This quiz has been taken 18 times
    15 since last reset
  • The average score is 16 of 27
Answer Stats
# Position Nation Player % Correct
13 GK Spain David Soria
100%
2 DF Togo Djené
100%
18 MF Uruguay Mauro Arambarri
100%
12 DF Cameroon Allan Nyom
83%
11 MF Spain Carles Aleñá
83%
22 DF Uruguay Damián Suárez
83%
10 FW Turkey Enes Ünal
83%
20 MF Serbia Nemanja Maksimović
83%
9 FW Spain Ángel Rodríguez
67%
3 DF Uruguay Erick Cabaco
67%
7 FW Spain Jaime Mata
67%
- Coach Spain José Bordalás
67%
17 DF Uruguay Mathí­as Olivera
67%
1 GK Spain Rubén Yáñez
67%
5 FW Japan Takefusa Kubo
67%
23 FW Colombia Cucho Hernández
50%
25 GK Argentina Leandro Chichizola
50%
21 DF Morocco Sofian Chakla
50%
14 MF Croatia Ante Palaversa
33%
19 FW Spain Darío Poveda
33%
24 MF Spain David Timor
33%
8 FW Spain Francisco Portillo
33%
21 FW Mali Abdoulay Diaby
17%
6 DF Spain Chema
17%
15 MF Spain Marc Cucurella
17%
26 FW Spain Víctor Mollejo
17%
4 DF Spain Xabi Etxeita
17%
No matching quizzes found
Score Distribution
Percent of People with Each Score
Percentile by Number Answered
Your Score History
You have not taken this quiz since the last reset